| 000 | 00954nas a2200325 4500 | ||
|---|---|---|---|
| 001 | BR0301450 | ||
| 003 | BR-BrBNA | ||
| 005 | 20231205103628.0 | ||
| 007 | ta | ||
| 008 | 230509b bl.|||p| |||| 00| 00por d | ||
| 040 |
_aBR-BrBNA _bpor _cBiblioteca Nacional de Agricultura |
||
| 041 | _a(Pt) | ||
| 072 | _aF30 | ||
| 100 | 1 | _aMenezes, C.B. de | |
| 100 | 1 | _aPinto, C.A.B.P. | |
| 100 | 1 | _aNurmberg, P.L. | |
| 100 | 1 | _aLamberti, E. de S. | |
| 245 | 1 | _aAvaliação de genótipos de batata (Solanum tuberosum L.)nas safras "das águas" e de inverno no sul de Minas Gerais | |
| 650 | _aBATATA | ||
| 650 | _aCLIMA | ||
| 650 | _aCHUVA | ||
| 650 | _aTEMPERATURA | ||
| 650 | _aMATÉRIA SECA | ||
| 650 | _aGENÓTIPO | ||
| 650 | _aSAFRA | ||
| 650 | _aINVERNO | ||
| 773 | 0 |
_tCiência e Agrotecnologia (Brazil) _xISSN 1413-7054 _g(Oct-Dec 1999), v. 23(4) p. 777-784 _wBR0301450 |
|
| 909 |
_a202311 _bLúcia _c55 _dLúcia Elande |
||
| 942 |
_2AGRIS _n0 _cANA |
||
| 999 |
_c173895 _d173895 |
||